Ebay thị trường hoàn hảo
Nội dung cuốn thị trường hoàn hảo chỉ ra tầm nhìn của Pierre Omidyar trong việc đưa eBay trở thành một trong những trang thương mại điện tử thành công nhất trong lịch sử ngắn ngủi của thế giới trực tuyến. Quyển sách gồm 12 chương nêu lên qu...
Na minha lista:
| Autor principal: | |
|---|---|
| Formato: | Livro |
| Idioma: | Undetermined |
| Publicado em: |
Hà Nội
Tri thức
2008
|
| Assuntos: | |
| Tags: |
Adicionar Tag
Sem tags, seja o primeiro a adicionar uma tag!
|
| Thư viện lưu trữ: | Trung tâm Học liệu Trường Đại học Cần Thơ |
|---|
| LEADER | 01067nam a2200217Ia 4500 | ||
|---|---|---|---|
| 001 | CTU_135440 | ||
| 008 | 210402s9999 xx 000 0 und d | ||
| 020 | |c 144000 | ||
| 082 | |a 658.87 | ||
| 082 | |b C678 | ||
| 100 | |a Cohen, Adam | ||
| 245 | 0 | |a Ebay thị trường hoàn hảo | |
| 245 | 0 | |c Adam Cohen | |
| 260 | |a Hà Nội | ||
| 260 | |b Tri thức | ||
| 260 | |c 2008 | ||
| 520 | |a Nội dung cuốn thị trường hoàn hảo chỉ ra tầm nhìn của Pierre Omidyar trong việc đưa eBay trở thành một trong những trang thương mại điện tử thành công nhất trong lịch sử ngắn ngủi của thế giới trực tuyến. Quyển sách gồm 12 chương nêu lên quá trình lịch sử, hình thành và sự thành công của ebay... | ||
| 650 | |a Trung tâm Học liệu ĐH Cần Thơ,Internet auctions,Consignment sales | ||
| 650 | |x Bán đấu giá qua mạng | ||
| 904 | |i Năm | ||
| 980 | |a Trung tâm Học liệu Trường Đại học Cần Thơ | ||